Normale Ansicht MARC-Ansicht ISBD

Nach Stalingrad : (Titelsatznr. 60532)

[ MARC ]
MARC-Details
000 -Satzkennung
Kontrollfeld mit fester Länge 01911nam a22004093i 4500
001 - Kontrollnummer
Kontrollfeld EBC6016952
003 - Kontrollnummer Identifier
Kontrollfeld MiAaPQ
005 - Datum und Zeit der letzten Transaktion
Kontrollfeld 20240327205420.0
007 - Feld mit fester Länge zur physischen Beschreibung - Allgemeine Information
Kontrollfeld mit fester Länge cr cnu||||||||
008 - Feld mit fester Länge zur physischen Beschreibung - Allgemeine Angaben
Kontrollfeld mit fester Länge 220817s2018 xx o ||||0 ger d
020 ## - Internationale Standardbuchnummer
Internationale Standardbuchnummer 9783835342101
Nähere Angaben (electronic bk.)
020 ## - Internationale Standardbuchnummer
Gelöschte/ungültige ISBN 9783835331907
040 ## - Katalogisierungsquelle
Original-Katalogisierungsstelle MiAaPQ
Katalogisierungssprache eng
Übertragungsstelle MiAaPQ
100 1# - Haupteintragung - Personenname
Personenname Seydlitz, Walther von.
Koha-Normdatenidentnummer 9081
Funktionsbezeichnungscode aut
Funktionsbezeichnung author
245 10 - Titel
Titel Nach Stalingrad :
Zusatz zum Titel Walther von Seydlitz' Feldpostbriefe und Kriegsgefangenenpost 1939-1955.
250 ## - Ausgabebezeichnung
Ausgabebezeichnung 2nd ed.
264 #1 - Produktion, Veröffentlichung, Distribution, Herstellung und Urheberrechtsvermerk
Herstellungs-, Veröffentlichungs- Vertriebs-, Erzeugungsort Göttingen :
Produzent, Herausgeber, Distributor, Hersteller Wallstein Verlag,
Datum der Herstellung, der Veröffentlichung, des Vertriebs oder des Urheberschutzvermerks 2018.
264 #4 - Produktion, Veröffentlichung, Distribution, Herstellung und Urheberrechtsvermerk
Datum der Herstellung, der Veröffentlichung, des Vertriebs oder des Urheberschutzvermerks {copy}2018.
300 ## - Physische Beschreibung
Umfang 1 online resource (429 pages)
336 ## - Inhaltstyp
Inhaltstypterm Text
Inhaltstypcode txt
Quelle rdacontent
337 ## - Medientyp
Bezeichnung des Medientyps Computermedien
Medientypcode c
Quelle rdamedia
338 ## - Datenträgertyp
Datenträgertypbezeichnung Online Resource
Datenträgertypcode cr
Quelle rdacarrier
500 ## - Allgemeine Fußnote
Allgemeine Fußnote E-Book-ProQuest / Fernzugriff nach Registrierung möglich
505 0# - Fußnote zu strukturierten Inhaltsangaben
Fußnote zu strukturierten Inhaltsangaben Umschlag -- Titel -- Inhalt -- Kommandeur ZMSBw: Vorwort -- Jens Ebert: »Nun ist man wieder meilenweitvon einander getrennt« -- Feldpostbriefe 1939-1943 -- Kriegsgefangenenpost 1945-1955 -- Torsten Diedrich: Walther von Seydlitz-Kurzbach - der lange verkannte deutsche Patriot -- Dank -- Abkürzungen -- Register -- Impressum.
600 1# - Nebeneintragung unter einem Schlagwort - Personenname
Personenname Seydlitz, Walther von
Koha-Normdatenidentnummer 9175
650 #4 - Nebeneintragung unter einem Schlagwort - Sachschlagwort
Sachschlagwort oder geografischer Name als Eintragungselement Deutscher Kriegsgefangener
Koha-Normdatenidentnummer 9176
651 #4 - Nebeneintragung unter einem Schlagwort - Geografischer Name
Geografischer Name Sowjetunion
Koha-Normdatenidentnummer 127
655 #4 - Indexierungsterm - Genre/Form
Genre/Form oder fokussierter Term
655 #4 - Indexierungsterm - Genre/Form
Genre/Form oder fokussierter Term Briefsammlung
Koha-Normdatenidentnummer 1537
655 ## - Indexierungsterm - Genre/Form
Genre/Form oder fokussierter Term Fernzugriff
Koha-Normdatenidentnummer 230
700 1# - Nebeneintragung - Personenname
Personenname Diedrich, Torsten.
Koha-Normdatenidentnummer 9083
Funktionsbezeichnungscode edt
Funktionsbezeichnung editor
700 1# - Nebeneintragung - Personenname
Personenname Ebert, Jens.
Koha-Normdatenidentnummer 9084
Funktionsbezeichnungscode edt
Funktionsbezeichnung editor
710 ## - Nebeneintragung - Körperschaftsname
Funktionsbezeichnungscode isb
Körperschafts- oder Gebietskörperschaftsname als Eintragungselement Zentrum für Militärgeschichte und Sozialwissenschaften der Bundeswehr
Funktionsbezeichnung Issuing body
Koha-Normdatenidentnummer 9174
776 08 - Andere physische Form
Verweisungsphrase Print version:
Haupteintragung Seydlitz, Walther von
Titel Nach Stalingrad
Ort, Verlag und Erscheinungsjahr Göttingen : Wallstein Verlag,c2018
Internationale Standardbuchnummer 9783835331907
856 40 - Elektronische Adresse und Zugriff
URL <a href="https://ebookcentral.proquest.com/lib/maxweberstiftung-ebooks/detail.action?docID=6016952">https://ebookcentral.proquest.com/lib/maxweberstiftung-ebooks/detail.action?docID=6016952</a>
OPAC-Notiz Volltext
942 ## - Zusätzliche Felder (Koha)
Koha-Medientyp E-Books
Klassifikation oder Aufstellungssystematik Andere/Generische Klassifikation
Exemplare
Ausgeschieden Verloren Klassifikation oder Aufstellungssystematik Beschädigt Nicht entleihbar Heimatbibliothek Aufenthaltsbibliothek Aufstellungsort Erwerbungsdatum Inventarnummer Signatur Barcode Letzte Aktivität Preis gültig von Koha-Medientyp
    Andere/Generische Klassifikation     MWN Osteuropa MWN Osteuropa Online-Ressource 17/08/2022 22-e01142 E-22-e01142 61496 17/08/2022 17/08/2022 E-Books